[Event "Danzhou 08th"]
[Site "Danzhou"]
[Date "2017.07.13"]
[Round "5"]
[White "Ponomariov, Ruslan"]
[Black "Ding, Liren"]
[Result "0-1"]
[WhiteElo "2699"]
[BlackElo "2781"]
[PlyCount "104"]
[EventDate "2017.07.09"]
[EventType "tourn"]
[EventRounds "9"]
[EventCountry "CHN"]
[EventCategory "19"]
[SourceTitle "CBM 180"]
[Source "ChessBase"]
[SourceDate "2017.09.13"]
[SourceVersion "1"]
[SourceVersionDate "2017.09.13"]
[SourceQuality "1"]

1. d4 Nf6 2. c4 e6 3. Nc3 Bb4 4. e3 O-O 5. Bd3 d5 6. Nge2 dxc4 7. Bxc4 c5 8.
Bd2 cxd4 9. Nxd4 e5 10. Nf3 Nc6 11. a3 Bd6 12. Qc2 Bg4 13. Ng5 Rc8 14. O-O e4
15. Ngxe4 Ne5 16. Nxd6 Qxd6 17. Ba2 Be2 18. f4 Bxf1 19. fxe5 Bd3 20. exd6 Bxc2
21. Nd5 Nxd5 22. Bxd5 Ba4 23. e4 Bc6 24. Bb3 Rce8 25. Bc2 Re6 26. Re1 Rfe8 27.
Bf4 g5 28. Bg3 h5 29. h4 gxh4 30. Bf4 Rg6 31. Re2 Rg4 32. Rf2 h3 33. g3 h4 34.
Kh2 hxg3+ 35. Bxg3 Bxe4 36. Kxh3 f5 37. Bxe4 Rgxe4 38. Rxf5 Rd4 39. Rf3 Kg7 40.
Rc3 Kf6 41. Rf3+ Ke6 42. Re3+ Kd7 43. Rc3 Rc8 44. Re3 Rh8+ 45. Kg2 Rd2+ 46. Kf3
Rf8+ 47. Kg4 Rxb2 48. Re7+ Kc6 49. Rc7+ Kb6 50. d7 Rg8+ 51. Kf5 Rf2+ 52. Ke4
Rg4+ 0-1

[Event "Biel GM 50th"]
[Site "Biel"]
[Date "2017.07.24"]
[Round "1"]
[White "Bacrot, Etienne"]
[Black "Ponomariov, Ruslan"]
[Result "1/2-1/2"]
[WhiteElo "2715"]
[BlackElo "2699"]
[PlyCount "88"]
[EventDate "2017.07.24"]
[EventType "tourn"]
[EventRounds "9"]
[EventCountry "SUI"]
[EventCategory "16"]
[SourceTitle "CBM 180"]
[Source "ChessBase"]
[SourceDate "2017.09.13"]
[SourceVersion "1"]
[SourceVersionDate "2017.09.13"]
[SourceQuality "1"]

1. e4 c6 2. Nf3 d5 3. Nc3 Bg4 4. d4 Nf6 5. h3 Bxf3 6. Qxf3 dxe4 7. Qe3 Nbd7 8.
Nxe4 Nxe4 9. Qxe4 g6 10. Be2 Bg7 11. O-O O-O 12. Rd1 Re8 13. c3 Qc7 14. d5 c5
15. Bf4 Be5 16. Be3 Rac8 17. a4 Red8 18. a5 Nf6 19. Qf3 Kg7 20. a6 Rb8 21. axb7
Rxb7 22. Ra2 Rdb8 23. Bc1 Ne8 24. Qe3 Bf6 25. Ra6 Qe5 26. Qxe5 Bxe5 27. Ra5
Rxb2 28. Bxb2 Rxb2 29. Bd3 Bxc3 30. Rxc5 Bb4 31. Rc2 Rxc2 32. Bxc2 a5 33. f4 h5
34. Kf2 Kf6 35. Kf3 Nd6 36. Ba4 Nf5 37. Bd7 Nh4+ 38. Kf2 Bc5+ 39. Kf1 Nf5 40.
Ke2 Bd6 41. Kf3 Nh4+ 42. Kf2 Bc5+ 43. Kf1 Nf5 44. Ke2 Bd6 1/2-1/2

[Event "Biel GM 50th"]
[Site "Biel"]
[Date "2017.07.25"]
[Round "2"]
[White "Ponomariov, Ruslan"]
[Black "Leko, Peter"]
[Result "1-0"]
[WhiteElo "2699"]
[BlackElo "2678"]
[PlyCount "91"]
[EventDate "2017.07.24"]
[EventType "tourn"]
[EventRounds "9"]
[EventCountry "SUI"]
[EventCategory "16"]
[SourceTitle "CBM 180"]
[Source "ChessBase"]
[SourceDate "2017.09.13"]
[SourceVersion "1"]
[SourceVersionDate "2017.09.13"]
[SourceQuality "1"]

1. e4 e5 2. Nf3 Nc6 3. Bc4 Bc5 4. c3 Nf6 5. d3 O-O 6. Nbd2 a6 7. Bb3 h6 8. h3
d6 9. Nf1 Be6 10. Ng3 Bxb3 11. axb3 d5 12. O-O dxe4 13. dxe4 Qxd1 14. Rxd1 Rfd8
15. Rxd8+ Rxd8 16. Kf1 a5 17. Ke2 Nd7 18. Ne1 Bf8 19. Be3 Nc5 20. Bxc5 Bxc5 21.
Nd3 Bf8 22. h4 b6 23. h5 g6 24. Nf1 Kg7 25. Ne3 Be7 26. Rh1 Bg5 27. Nd5 Rd7 28.
f3 gxh5 29. Rxh5 f5 30. g4 fxe4 31. fxe4 Rf7 32. Rh3 Kg6 33. b4 Bf6 34. b5 Na7
35. Nxf6 Rxf6 36. Nxe5+ Kg7 37. c4 Nc8 38. Nd3 Nd6 39. e5 Re6 40. b3 a4 41. Re3
a3 42. exd6 a2 43. dxc7 a1=Q 44. c8=Q Qa2+ 45. Kf3 Rf6+ 46. Kg3 1-0

[Event "Biel GM 50th"]
[Site "Biel"]
[Date "2017.07.26"]
[Round "3"]
[White "Vaganian, Rafael A"]
[Black "Ponomariov, Ruslan"]
[Result "1/2-1/2"]
[WhiteElo "2562"]
[BlackElo "2699"]
[PlyCount "80"]
[EventDate "2017.07.24"]
[EventType "tourn"]
[EventRounds "9"]
[EventCountry "SUI"]
[EventCategory "16"]
[SourceTitle "CBM 180"]
[Source "ChessBase"]
[SourceDate "2017.09.13"]
[SourceVersion "1"]
[SourceVersionDate "2017.09.13"]
[SourceQuality "1"]

1. d4 Nf6 2. Nf3 g6 3. c4 Bg7 4. g3 d5 5. Bg2 dxc4 6. Na3 c3 7. bxc3 O-O 8. O-O
c5 9. e3 Nc6 10. Qe2 Bf5 11. Rd1 Qa5 12. Bb2 Rfd8 13. Nd2 cxd4 14. cxd4 Bg4 15.
f3 Be6 16. Nb3 Bxb3 17. axb3 Qb4 18. Rd3 e5 19. dxe5 Rxd3 20. Qxd3 Rd8 21. Qb5
Qxb5 22. Nxb5 Nd5 23. Nxa7 Nxe3 24. Nxc6 bxc6 25. Bc3 Bf8 26. Be1 Nc2 27. Rc1
Nxe1 28. Rxe1 Bc5+ 29. Kh1 Bb4 30. Rb1 g5 31. f4 gxf4 32. gxf4 Rd4 33. f5 Rf4
34. Bh3 Re4 35. e6 fxe6 36. fxe6 Re1+ 37. Rxe1 Bxe1 38. Bg2 c5 39. Bd5 Kf8 40.
Kg2 Ke7 1/2-1/2

[Event "Biel GM 50th"]
[Site "Biel"]
[Date "2017.07.27"]
[Round "4"]
[White "Ponomariov, Ruslan"]
[Black "Hou, Yifan"]
[Result "1/2-1/2"]
[WhiteElo "2699"]
[BlackElo "2666"]
[PlyCount "98"]
[EventDate "2017.07.24"]
[EventType "tourn"]
[EventRounds "9"]
[EventCountry "SUI"]
[EventCategory "16"]
[SourceTitle "CBM 180"]
[Source "ChessBase"]
[SourceDate "2017.09.13"]
[SourceVersion "1"]
[SourceVersionDate "2017.09.13"]
[SourceQuality "1"]

1. e4 e5 2. Bc4 Nf6 3. d3 Nc6 4. Nc3 Bc5 5. f4 O-O 6. Nf3 exf4 7. Bxf4 d6 8.
Qd2 Be6 9. Bg5 Bxc4 10. dxc4 Bb4 11. Qf4 Bxc3+ 12. bxc3 Qe7 13. Bxf6 Qxf6 14.
Qxf6 gxf6 15. O-O Rae8 16. Nd2 Kg7 17. Rf4 Re5 18. Rb1 b6 19. Rb5 Rfe8 20. Kf2
h5 21. Rh4 Kg6 22. Nf3 Rxb5 23. cxb5 Ne5 24. Ke3 Nxf3 25. gxf3 Kg5 26. Rf4 Re5
27. c4 Rc5 28. h4+ Kg6 29. Kd4 Re5 30. Rf5 Rxf5 31. exf5+ Kxf5 32. Ke3 Ke5 33.
f4+ Kf5 34. Kf3 Ke6 35. Ke4 f5+ 36. Kd4 Ke7 37. Kc3 Kd7 38. Kd3 Kc8 39. Kd4 Kd8
40. Kc3 Kd7 41. Kd3 c6 42. a4 Kc7 43. Kd4 a6 44. Kc3 cxb5 45. cxb5 axb5 46.
axb5 d5 47. Kd4 Kd6 48. c3 Ke6 49. Ke3 Kd6 1/2-1/2

[Event "Biel GM 50th"]
[Site "Biel"]
[Date "2017.07.28"]
[Round "5"]
[White "Georgiadis, Nico"]
[Black "Ponomariov, Ruslan"]
[Result "1/2-1/2"]
[WhiteElo "2496"]
[BlackElo "2699"]
[PlyCount "58"]
[EventDate "2017.07.24"]
[EventType "tourn"]
[EventRounds "9"]
[EventCountry "SUI"]
[EventCategory "16"]
[SourceTitle "CBM 180"]
[Source "ChessBase"]
[SourceDate "2017.09.13"]
[SourceVersion "1"]
[SourceVersionDate "2017.09.13"]
[SourceQuality "1"]

1. e4 c5 2. Nf3 Nc6 3. Nc3 g6 4. d4 cxd4 5. Nxd4 Bg7 6. Be3 Nf6 7. Bc4 O-O 8.
Bb3 d6 9. f3 Bd7 10. Qd2 Nxd4 11. Bxd4 b5 12. h4 a5 13. a4 bxa4 14. Nxa4 Be6
15. Bxe6 fxe6 16. O-O Nh5 17. Bxg7 Kxg7 18. Kh2 Qb8 19. Qe3 Ra7 20. g3 Rc7 21.
Rf2 Qb5 22. Ra2 Rb8 23. b3 Nf6 24. Nb2 Ra8 25. Kg2 Nd7 26. Qd3 Qc5 27. Qd2 Qb5
28. Qd3 Qc5 29. Qd2 Qb5 1/2-1/2

[Event "Biel GM 50th"]
[Site "Biel"]
[Date "2017.07.30"]
[Round "6"]
[White "Ponomariov, Ruslan"]
[Black "Navara, David"]
[Result "1-0"]
[WhiteElo "2699"]
[BlackElo "2737"]
[PlyCount "77"]
[EventDate "2017.07.24"]
[EventType "tourn"]
[EventRounds "9"]
[EventCountry "SUI"]
[EventCategory "16"]
[SourceTitle "CBM 180"]
[Source "ChessBase"]
[SourceDate "2017.09.13"]
[SourceVersion "1"]
[SourceVersionDate "2017.09.13"]
[SourceQuality "1"]

1. e4 c5 2. Nf3 d6 3. d4 cxd4 4. Nxd4 Nf6 5. Nc3 a6 6. f3 e5 7. Nb3 Be6 8. Be3
Be7 9. Qd2 O-O 10. O-O-O b5 11. g4 Nbd7 12. g5 b4 13. gxf6 bxc3 14. Qxc3 Nxf6
15. Na5 Rc8 16. Nc6 Qd7 17. Nxe7+ Qxe7 18. Qa5 Rc6 19. Rg1 Rfc8 20. Kb1 Nh5 21.
Rg2 Qf6 22. Rf2 h6 23. b3 Kh7 24. c4 Nf4 25. Qb4 Nh3 26. Bxh3 Bxh3 27. Kb2 Qd8
28. Qd2 Rb8 29. f4 Qc7 30. Rg1 Rxc4 31. Rg3 d5 32. f5 d4 33. Bxh6 Rc3 34. Bxg7
Re3 35. Rxe3 dxe3 36. Qxe3 Kxg7 37. f6+ Kf8 38. Qxh3 Ke8 39. Rd2 1-0

[Event "Biel GM 50th"]
[Site "Biel"]
[Date "2017.07.31"]
[Round "7"]
[White "Morozevich, Alexander"]
[Black "Ponomariov, Ruslan"]
[Result "1-0"]
[WhiteElo "2675"]
[BlackElo "2699"]
[Annotator "Quintiliano,R"]
[PlyCount "57"]
[EventDate "2017.07.24"]
[EventType "tourn"]
[EventRounds "9"]
[EventCountry "SUI"]
[EventCategory "16"]
[SourceTitle "CBM 180"]
[Source "ChessBase"]
[SourceDate "2017.09.13"]
[SourceVersion "1"]
[SourceVersionDate "2017.09.13"]
[SourceQuality "1"]

1. d4 d5 2. c4 c6 3. Nf3 Nf6 4. Nc3 e6 5. Bg5 h6 6. Bh4 Nbd7 {A solid approach
by Ponomariov, which sounds reasonable against an aggressive player like
Morozevich.} (6... dxc4 7. e4 g5 8. Bg3 b5 {is the complicated Anti-Moscow
Variation, in total accordance with Moro's style.}) 7. e3 Be7 (7... g5 $5 8.
Bg3 Nh5 {is a different and interesting variation which has gained some
popularity recently, played by Carlsen, Grischuk and others.}) 8. Qc2 O-O 9.
O-O-O $1 {Although he is not playing many tournaments like some years ago,
Morozevich's trademark always was his creative and aggressive play. The last
move reveals White's intentions to avoid the more calm positions in QGD and
his desires to play for the initiative in kingside.} dxc4 {to seek for
counterplay on the queenside seems a natural reaction} 10. g4 $5 $146 {
Morozevich just ignores the c4-pawn in order to start as quickly as possible
active operations on the kingside, which ensures a complicated and
double-edged battle.} (10. Bxc4 b5 11. Bd3 Bb7 12. Kb1 Rc8 {and Black's
position is also active.}) 10... b5 {Like his opponent, Ponomariov also avoids
opening lines in front of his king.} (10... Nxg4 {uses to be dangerous,
because in such positions White has nice compensation in the use of the open
g-file. Besides, he can choose between more than one path with interesting
prospects, as the following variations show:} 11. Bxe7 (11. Rg1 $5 Bxh4 (11...
Ngf6 12. Bxc4 Nd5 13. Bxe7 Qxe7 14. Rg3 {[%cal Yd1g1]} Kh8 15. Rdg1 Rg8 16. e4
Nxc3 17. Qxc3 $13 {Black is defending solidly, but White retains unpleasant
pressure on the kingside}) 12. Rxg4 Be7 13. Bxc4 Kh8 14. Rdg1 Rg8 15. Bd3 {
and Bh7 is an annoying threat, for example} Nf6 $2 (15... f5 $142) 16. Ne5 $1
Qe8 17. R4g3 {and Black's position is already difficult} Bd6 (17... Bd7 18. Bg6
$1 Rf8 19. Bxf7 $1 Rxf7 20. Qg6 Kg8 21. Qxh6 $18) 18. Bg6 $1 Rf8 (18... fxg6
19. Nxg6+ Kh7 20. Ne4 $1 $18) 19. Ne4 $1 Bxe5 20. dxe5 Nxe4 21. Bxe4 Rg8 22.
Bh7 $18) 11... Qxe7 12. Rg1 Ngf6 (12... f5 13. h3 Ngf6 14. Bxc4 (14. Nh4 $5 {
[%csl Gg6]}) 14... b5 (14... Nd5 15. Kb1 Nxc3+ 16. Qxc3 b5 17. Bb3 Bb7 18. Rg6
$36) 15. Bb3 Nd5 16. Nxd5 cxd5 17. Kb1 {White keeps the easier position here,
now in the form of better pieces and Black's dark-squared weaknesses} Qd6 18.
Rc1 Rb8 19. Qc7 $44) 13. Ne5 $1 {[%cal Yf2f4,Gc2g2] the safer path for Black
is to look for simplification} Nd5 14. Bxc4 Nxe5 15. dxe5 Nxc3 16. Qxc3 b5 17.
Bd3 Rd8 18. Bc2 Bb7 19. Rd6 $1 {[%cal Yg1d1,Yc3d3] and although Black has
avoided a direct attack, White still has the advantage.}) 11. Rg1 Nd5 (11... g5
$6 {could have been considered, but in general it is not a good idea to
advance pawns on the side on which you are being attacked} 12. Bg3 Nd5 13. Nxd5
cxd5 14. Rh1 $40 {[%cal Yh2h4]}) 12. Bxe7 Qxe7 13. g5 h5 $1 {Again playing to
keep the kingside closed.} 14. g6 {Now Black has a difficult choice, which is
to allow the opening of the g-file, or live with a annoying g6-pawn in the
heart of his position.} f5 $6 {And Ponomariov chooses the second one, but the
inconvenient factors are the weak squares on the kingside. Black had another
two interesting alternatives.} (14... Nxc3 15. bxc3 (15. Qxc3 fxg6 $1 16. Be2
e5 $1 {and Black is even taking the initiative} 17. dxe5 Nc5) (15. gxf7+ $2
Rxf7 16. Ng5 Rf5 $19) 15... f6 (15... fxg6 $2 16. Be2 e5 17. Qxg6 $13) 16. Kb2
{necessary in order to transfer the queen to the kingside} (16. Kb1 Nb6) 16...
Nb6 $1 $17 {[%cal Yb6a4,Gb5b4] and White's attack don't comes because he also
has a weak king}) (14... f6 15. Nxd5 cxd5 16. Qe2 {[%cal Ye2h5] looks
dangerous, but Black's pieces arrive just in time to defend agaist the threats}
Rd8 17. Ne1 ({better than} 17. Nh4 Nf8 18. Qxh5 Qb4 $1 $132 {[%cal Gc4c3]})
17... Nf8 18. Qxh5 {[%cal Yg1g3,Yg3h3]} Bd7 19. Rg3 Be8 $1 {[%csl Yg6] and
because of the g6-pawn, White needs to improve the position first to continue
the attack} 20. Be2 Rac8 21. Nc2 b4 $1 {and now comes the counter-attack on
the queenside} 22. Kb1 (22. Rdg1 Bxg6 $1 23. Rxg6 Nxg6 24. Qxg6 b3 25. Na1 bxa2
26. Bd1 {[%cal Yd1c2]} Rb8 27. Bc2 f5 $19) 22... Rc7 {[%cal Yd8b8,Yd8c8]
White's attack is stopped for now, and Black has time to improve his own
position before breaking through with b3} 23. Rdg1 b3 $1 24. axb3 cxb3 25. Na3
Qb4 26. Bd3 Rdc8 $17 27. Rh3 $2 Nxg6 $1 28. Bxg6 Bxg6+ 29. Qxg6 Rc1+ $1 30.
Rxc1 Rxc1+ 31. Kxc1 Qe1#) (14... fxg6 15. Be2 {looks dangerous for Black.}) 15.
Ne5 {White immediately takes advantage of the new weak square.} Nxc3 $2 {
Now Black went wrong, and soon will face unexpected difficulties.} (15... Nxe5
16. dxe5 f4 $1 {was the right way, but the game remains complicated} 17. e4 (
17. Qe2 Qh4 $1) 17... Nb6 18. Qd2 (18. Qe2 Qh4) (18. Rd6 Nd7 19. Qd1 f3 20. Qd4
$13) 18... b4 $1 19. Nb1 c3 $1 20. bxc3 bxc3 21. Qxc3 Rb8 $13 {the position is
very sharp and unclear, with chances for both sides.}) 16. Qxc3 Nf6 (16... Nxe5
17. dxe5 Bb7 {now White has} 18. e4 $1 {and Black should be very careful} Rad8
$1 (18... fxe4 19. Qh3 h4 20. Rd6) 19. Rxd8 Rxd8 (19... Qxd8 20. Qh3 h4 21.
exf5 exf5 22. Qf3 Qd4 $1 23. Qh5 Qf4+ 24. Kb1 Qh6 25. Qd1 Qf4 26. Qh5 $11) 20.
exf5 exf5 21. Qe3 Bc8 22. Be2 h4 23. f4 Be6 {and Black's position is well
defended.}) 17. e4 $3 {[%cal Gc3h3] Such moves are a piece of cake for
Morozevich, who has a great feeling for attacking ideas. The queen seemed
misplaced on c3, but now there's the real threat of Qh3, which puts a lot of
pressure on Black's position.} (17. Nxc6 Qd6 18. Bg2 Bb7 {allows Black to
finish development and solve his problems.}) 17... Ng4 $6 {Black still tries
to keep the kingside closed, but after this move his position is very
difficult.} ({But} 17... fxe4 {looks to offer the better chances} 18. Qh3 c3 $1
{a good way to seek counterplay, White needs to find the very difficult move}
19. Rg3 $3 {and now the complications are very difficult to either calculate
or evaluate} (19. Qxc3 $2 Nd5 20. Qh3 Rf5 $15) (19. bxc3 $2 Qa3+ 20. Kb1 Nd5
$19 {[%cal Rd5c3,Rf8f2]}) (19. Rg5 Qb4 20. Qxc3 Qxc3+ 21. bxc3 Nd5 {[%csl Yc3,
Yf2]} 22. Nf7 Nf4 $1 23. Bg2 Nxg2 24. Rxg2 Bd7 $11 {[%cal Yd7e8]}) 19... cxb2+
20. Kb1 Rd8 $1 21. Nxc6 Qe8 22. Nxd8 (22. Ne5 $5 Bb7 23. Bxb5 $1 Qe7 24. Rg5
Rac8 25. Rxh5 Nxh5 26. Qxh5 Qf6 $13) 22... e5 $1 23. Qh4 Qxd8 24. Bxb5 Be6 $13)
(17... Nxe4 $2 18. Qh3 c3 19. Qxh5 Nf6 (19... cxb2+ 20. Kb1 Nf6 21. Qh4 {
[%cal Rg1g3,Rg3h3]} Re8 22. Nf7 Kf8 23. Ng5 Qc7 24. Qh8+ Ng8 25. Rg3 $18) 20.
Qh3 {[%cal Yg1g5,Yg5h5] Black is pratically defenceless against White's attack}
Qb4 (20... cxb2+ 21. Kxb2 Qb4+ 22. Ka1 Re8 23. Rg3 $1 {[%csl Gc3] guarding the
c3-square first} Qa4 24. Rb3 Rb8 25. Nf7 Kf8 26. Qh8+ Ke7 27. Qxg7 Rg8 28. Qh6
$18) 21. bxc3 Qa3+ 22. Kb1 b4 23. Nf7 Rxf7 $8 24. gxf7+ Kxf7 25. Qg3 Ne8 26. c4
$18) 18. Qh3 Qg5+ 19. Kb1 Qh6 20. Qh4 {Preventing Nxf2 and keeping an eye on
Qe7 ideas.} Nf6 {Black cracks under the pressure, in an already difficult
situation.} (20... c5 21. Qe7 $1 Rb8 (21... Nxf2 22. Nf7 Qe3 23. Rg5 $1 $18 {
the threats of Rxh5-h8 and Nh6+ force huge material losses for Black.}) 22.
dxc5 Rb7 (22... Nxe5 23. Rd8 Nxg6 24. Rxg6 $18) 23. Qd6 {and Black is
basically lost, for example} Nxe5 24. Qxe5 fxe4 25. c6 Re7 26. Qxb5 $18) (20...
fxe4 21. Be2 {it is almost impossible to find any reasonable move for Black
here} e3 22. fxe3 Nxe3 23. Nf7 $18) 21. Rg5 $18 Bd7 22. Nxd7 Nxd7 23. e5 {
Black's position is just defenceless.} c5 24. Be2 cxd4 25. Rxh5 Qxg6 26. Rh8+
Kf7 27. Bh5 Rxh8 28. Bxg6+ Kxg6 29. Qe7 {An interesting game with many
critical moments; no doubt that was a nice one for Morozevich's fans!} 1-0

[Event "Biel GM 50th"]
[Site "Biel"]
[Date "2017.08.02"]
[Round "9"]
[White "Studer, Noel"]
[Black "Ponomariov, Ruslan"]
[Result "0-1"]
[WhiteElo "2493"]
[BlackElo "2699"]
[PlyCount "80"]
[EventDate "2017.07.24"]
[EventType "tourn"]
[EventRounds "9"]
[EventCountry "SUI"]
[EventCategory "16"]
[SourceTitle "CBM 180"]
[Source "ChessBase"]
[SourceDate "2017.09.13"]
[SourceVersion "1"]
[SourceVersionDate "2017.09.13"]
[SourceQuality "1"]

1. d4 d5 2. c4 e6 3. Nf3 c6 4. Nbd2 Nf6 5. g3 b6 6. Bg2 Bb7 7. O-O Be7 8. Qc2
a5 9. e4 Na6 10. e5 Nd7 11. cxd5 cxd5 12. a3 Rc8 13. Qd1 Qc7 14. Nb1 b5 15. Re1
Nab8 16. Nc3 Ba6 17. Ng5 Bxg5 18. Bxg5 Nb6 19. Qg4 h5 20. Qe2 b4 21. Nb5 Qd7
22. a4 Bxb5 23. axb5 a4 24. Bf1 Rc4 25. Qd2 Qxb5 26. b3 axb3 27. Reb1 Nc6 28.
Rxb3 Kd7 29. Bh4 Ra8 30. Rxa8 Nxa8 31. Rf3 Kc8 32. Rxf7 Nc7 33. Qb2 b3 34. Rf3
Nxd4 35. Rf8+ Kb7 36. Be7 Rc2 37. Qa3 Ne2+ 38. Kg2 b2 39. Bxe2 Rxe2 40. Bc5
b1=Q 0-1

[Event "ESP-ch rapid"]
[Site "Linares"]
[Date "2017.08.13"]
[Round "1"]
[White "Gonzalez Diez, Ruben"]
[Black "Ponomariov, Ruslan"]
[Result "0-1"]
[WhiteElo "2140"]
[BlackElo "2692"]
[PlyCount "88"]
[EventDate "2017.08.13"]
[EventType "swiss (rapid)"]
[EventRounds "9"]
[EventCountry "ESP"]
[SourceTitle "CBM 179 Extra"]
[Source "ChessBase"]
[SourceDate "2017.08.23"]
[SourceVersion "1"]
[SourceVersionDate "2017.08.23"]
[SourceQuality "1"]

1. e3 g6 2. f4 Bg7 3. Nf3 c5 4. Be2 Nc6 5. O-O e6 6. d3 Nge7 7. Qe1 d5 8. Nc3
b6 9. e4 d4 10. Nd1 Bb7 11. a3 a5 12. Bd2 Qc7 13. Rb1 a4 14. Qh4 h6 15. Qg3 f5
16. Nf2 Rg8 17. b4 axb3 18. Rxb3 Ba6 19. Rfb1 b5 20. exf5 gxf5 21. Re1 c4 22.
Rbb1 c3 23. Bc1 Kd7 24. Qh3 Qd6 25. Nh1 Nd5 26. Ne5+ Nxe5 27. fxe5 Bxe5 28. Bf3
Rg6 29. a4 b4 30. Ng3 Bxg3 31. hxg3 Rxg3 32. Qxh6 Rxf3 33. gxf3 Qg3+ 34. Kf1
Qxf3+ 35. Kg1 Rg8+ 36. Bg5 Qg3+ 37. Kh1 Qxg5 38. Qxe6+ Kc7 39. Qf7+ Kb8 40.
Re8+ Rxe8 41. Qxe8+ Ka7 42. Rg1 Qh4+ 43. Kg2 Ne3+ 44. Kf3 Bb7+ 0-1

[Event "ESP-ch rapid"]
[Site "Linares"]
[Date "2017.08.13"]
[Round "2"]
[White "Ponomariov, Ruslan"]
[Black "Fidalgo Fernandez, Javier"]
[Result "1-0"]
[WhiteElo "2692"]
[BlackElo "2312"]
[PlyCount "75"]
[EventDate "2017.08.13"]
[EventType "swiss (rapid)"]
[EventRounds "9"]
[EventCountry "ESP"]
[SourceTitle "CBM 179 Extra"]
[Source "ChessBase"]
[SourceDate "2017.08.23"]
[SourceVersion "1"]
[SourceVersionDate "2017.08.23"]
[SourceQuality "1"]

1. d4 Nf6 2. c4 e6 3. Nf3 d5 4. g3 Be7 5. Bg2 O-O 6. Qc2 dxc4 7. Qxc4 a6 8. Bf4
Nd5 9. Nc3 b5 10. Qd3 Bb7 11. Nxd5 exd5 12. Rc1 Bb4+ 13. Kf1 Bd6 14. Ng5 g6 15.
h4 h5 16. Ne6 fxe6 17. Qxg6+ Kh8 18. Qxh5+ Kg8 19. Qg6+ Kh8 20. Qh6+ Kg8 21.
Qxe6+ Rf7 22. Bxd5 Bxd5 23. Qxd5 Nd7 24. Bxd6 cxd6 25. Qxd6 Qe8 26. Qg6+ Kf8
27. Rc6 Rc8 28. Qh6+ Rg7 29. Rxc8 Qxc8 30. Kg2 Qe8 31. Rc1 Qe4+ 32. Kg1 Qxd4
33. Rc3 Qd1+ 34. Kg2 Qxe2 35. Qh8+ Kf7 36. Re3 Qg4 37. Qe8+ Kf6 38. Rf3+ 1-0

[Event "ESP-ch rapid"]
[Site "Linares"]
[Date "2017.08.13"]
[Round "3"]
[White "Rubio Mejia, Luis Ignacio"]
[Black "Ponomariov, Ruslan"]
[Result "0-1"]
[WhiteElo "2442"]
[BlackElo "2692"]
[PlyCount "52"]
[EventDate "2017.08.13"]
[EventType "swiss (rapid)"]
[EventRounds "9"]
[EventCountry "ESP"]
[SourceTitle "CBM 179 Extra"]
[Source "ChessBase"]
[SourceDate "2017.08.23"]
[SourceVersion "1"]
[SourceVersionDate "2017.08.23"]
[SourceQuality "1"]

1. d4 Nf6 2. c4 g6 3. Nc3 d5 4. Nf3 Bg7 5. Bf4 O-O 6. e3 Be6 7. c5 c6 8. h3 b6
9. b4 a5 10. a3 Ne4 11. Nxe4 dxe4 12. Nd2 Nd7 13. Rc1 axb4 14. axb4 Nf6 15. Be5
Nd5 16. Bxg7 Kxg7 17. Nxe4 Nxb4 18. cxb6 Qxb6 19. Be2 Bd5 20. Bf3 Qb5 21. Nc3
Bxf3 22. gxf3 Qd3 23. Qd2 Rfb8 24. Rg1 Ra3 25. Rg5 Qc4 26. Rc5 Nd3+ 0-1

[Event "ESP-ch rapid"]
[Site "Linares"]
[Date "2017.08.13"]
[Round "4"]
[White "Ponomariov, Ruslan"]
[Black "Saric, Ivan"]
[Result "1-0"]
[WhiteElo "2692"]
[BlackElo "2632"]
[PlyCount "105"]
[EventDate "2017.08.13"]
[EventType "swiss (rapid)"]
[EventRounds "9"]
[EventCountry "ESP"]
[SourceTitle "CBM 179 Extra"]
[Source "ChessBase"]
[SourceDate "2017.08.23"]
[SourceVersion "1"]
[SourceVersionDate "2017.08.23"]
[SourceQuality "1"]

1. e4 c5 2. Nf3 e6 3. d4 cxd4 4. Nxd4 Nc6 5. Nc3 Qc7 6. Be3 a6 7. Qf3 Bd6 8.
O-O-O Be5 9. g3 Nge7 10. Qe2 b5 11. f4 Bxd4 12. Bxd4 Nxd4 13. Rxd4 Rb8 14. Qd2
b4 15. Na4 a5 16. Rc4 Qa7 17. Bg2 d5 18. exd5 exd5 19. Qd4 Qxd4 20. Rxd4 Be6
21. Re1 O-O 22. Nc5 Rb6 23. Nd7 Bxd7 24. Rxe7 Be6 25. Rc7 Rd8 26. Kd2 g6 27.
Bf1 a4 28. Bd3 Ra8 29. Rc5 Kg7 30. Bb5 b3 31. cxb3 axb3 32. a4 h5 33. Kc3 h4
34. Kxb3 Bd7 35. Kb4 h3 36. Rcxd5 Bxb5 37. axb5 Re6 38. Re5 Rb6 39. g4 Ra2 40.
Re2 Rf6 41. Kc5 Ra1 42. Re3 Rc1+ 43. Rc3 Rb1 44. b3 g5 45. fxg5 Rg6 46. Rxh3
Rxg5+ 47. Kb4 Re1 48. Rh5 Rg6 49. Rf5 Rh1 50. Rdf4 f6 51. b6 Rxh2 52. b7 Rh8
53. Ka5 1-0